000 00661nam a2200229Ia 4500
003 OSt
005 20220928105334.0
006 a|||||r|||| 00| 0
007 ta
008 220927b |||||||| |||| 00| 0 eng d
024 _a54309
037 _cTextual
040 _aSDCL
_cSDCL
_beng
041 _2eng
_aeng
082 _aV55:51'N45, L8
100 _aNeave Airey
_9414858
245 0 _aNuremberg
_b A personal record of the trial of the Major Nazi war criminals in 1945-6.
260 _aLondon
_bQuality Book Club
_c1978
300 _a348p.
_ccm.
942 _hV55:51'N45, L8
_cTEXL
_2CC
999 _c730679
_d730679